|
|
|
|
| LEADER |
00985nam a2200265 a 4500 |
| 001 |
13736133 |
| 008 |
091115s2005 enka b 001 0 eng d |
| 010 |
|
|
|a 2004043194
|
| 020 |
|
|
|a 0273651641 (pbk.)
|
| 040 |
|
|
|a DLC
|c DLC
|d DLC
|
| 082 |
0 |
0 |
|a 332.6
|2 22
|
| 100 |
1 |
|
|a Levy, Haim.
|
| 245 |
1 |
0 |
|a Investments /
|c Haim Levy and Thierry Post.
|
| 260 |
|
|
|a Harlow, England ;
|a New York :
|b Prentice Hall/Financial Times,
|c c2005.
|
| 300 |
|
|
|a xxiv, 914 p. :
|b ill. ;
|c 25 cm.
|
| 504 |
|
|
|a Includes bibliographical references and indexes.
|
| 541 |
1 |
|
|e 00014781
|
| 650 |
|
0 |
|a Investments.
|
| 650 |
|
0 |
|a Securities.
|
| 650 |
|
0 |
|a Capital market.
|
| 650 |
|
0 |
|a Portfolio management.
|
| 700 |
1 |
|
|a Post, Thierry.
|
| 852 |
4 |
|
|a Ayesha Abed Library
|j General Shelf.
|
| 999 |
|
|
|c 5536
|d 5536
|
| 952 |
|
|
|0 0
|1 0
|2 ddc
|4 0
|6 332_600000000000000_LEV
|7 0
|9 5412
|a BRACUL
|b BRACUL
|c GEN
|d 2009-11-16
|g 0.00
|l 6
|m 32
|o 332.6 LEV
|p 3010014781
|r 2023-05-09
|s 2023-01-31
|t 1
|w 2009-11-16
|y BK
|x No price found in the accession register.
|